000 00700nam a2200205Ii 4500
003 JO-AjNU
008 230605s9999||||xx |||||||||||||| ||und||
040 _aJO-AjNU
_bara
_erda
_cJO-AjNU
041 _aara
050 1 4 _aLB1577.A7.J3296 1985
100 3 _aجابر،وليد,
_eauthor
_915818
245 0 0 _aمحاضرات في أساليب تدريب اللغة العربية
250 _aط2:مزيدة ومنقحة
264 3 1 _aعمان:دار الفكر،1985
300 _a184ص
336 _atext
_btxt
_2rdacontent
337 _aunmediated
_bn
_2rdamedia
338 _avolume
_bnc
_2rdacarrier
650 4 _aطرق التدريس. اللغة العربية-دراسة وتعليم
_915819
999 _aA4555
_c8123
_d8123